Encyclopaedia of women empowerment : volume 3

Bibliographic Details
Main Author: Thakur, Sadhana
Format: Book
Published: New Delhi : Centrum Press , 2013
Subjects:

MARC

LEADER 00000cam a2200000 7i4500
001 0000046732
005 20150406.0
008 150406
020 |a 9789350840641 (set) 
090 0 0 |a 297.05030   |b ENC 
100 1 |a Thakur, Sadhana 
245 1 0 |a Encyclopaedia of women empowerment :   |b volume 3   |c Dr. Sadhana Thakur 
260 |a New Delhi :   |b Centrum Press ,   |c 2013 
650 0 |a Civilization 
650 0 |a Islamic countries   |x Civilization   |x Encyclopedias 
999 |a 0001346875   |b Book   |c REFERENCE   |e Perbadanan Perpustakaan Awam Johor